| 000 | 00685nam a2200253Ia 4500 | ||
|---|---|---|---|
| 001 | dia_2503 | ||
| 003 | CHAP | ||
| 005 | 20230615123754.0 | ||
| 008 | 220117s2000 xx 000 0 und d | ||
| 010 | _a173025 | ||
| 020 | _a968-18-5908-1 | ||
| 040 | _cCHAP | ||
| 082 | _a658.4 K8 | ||
| 100 |
_aKubr, Milan _9153014 |
||
| 245 |
_aLa Consultoría de Empresas, Guía para la Profesión / _c por Milan Kubr |
||
| 250 | _a13 | ||
| 260 |
_aMéxico : _b Limusa, _c2000 |
||
| 300 | _a955 p. | ||
| 650 |
_a1.Administración de empresas. _9146960 |
||
| 901 | _a658.4 K8 | ||
| 902 | _aM | ||
| 905 | _a0000002000 MEXX 0000000000ESP00 | ||
| 942 |
_cLIBRO _2ddc |
||
| 999 |
_c173025 _d173025 |
||